| 000 | 00000nas 2200000za 4500 |
|---|---|
| 001 | 9.502856 |
| 003 | CaOODSP |
| 005 | 20240212134141 |
| 007 | cr ||||||||||| |
| 008 | 150406d20082017xxc|| m o||||f| |0fre|d |
| 022 | |a1917-5078 |
| 040 | |aCaOODSP|bfre |
| 043 | |an-cn--- |
| 086 | 1 |aNE4-2F-PDF |
| 110 | 1 |aCanada. |bOffice national de l'énergie. |
| 245 | 10|aNote d'information sur l'énergie. |
| 264 | 1|aCalgary, Alberta : |bOffice national de l'énergie |
| 310 | |aIrrégulier |
| 362 | 1 |aNe paraît plus après novembre 2017. |
| 775 | 08|tEnergy briefing note.|w(CaOODSP)9.506460 |